Les enfants des bourreaux sont aussi des victimes (notice n° 2225404)
[ vue normale ]
| 000 -LEADER | |
|---|---|
| fixed length control field | 01275cam a2200265 4500500 |
| 005 - DATE AND TIME OF LATEST TRANSACTION | |
| control field | 20260426020058.0 |
| 041 ## - LANGUAGE CODE | |
| Language code of text/sound track or separate title | fre |
| 042 ## - AUTHENTICATION CODE | |
| Authentication code | dc |
| 100 10 - MAIN ENTRY--PERSONAL NAME | |
| Personal name | Natanson, Madeleine |
| Relator term | author |
| 245 00 - TITLE STATEMENT | |
| Title | Les enfants des bourreaux sont aussi des victimes |
| 260 ## - PUBLICATION, DISTRIBUTION, ETC. | |
| Date of publication, distribution, etc. | 2005.<br/> |
| 500 ## - GENERAL NOTE | |
| General note | 64 |
| 520 ## - SUMMARY, ETC. | |
| Summary, etc. | Le secret qui entoure les comportements monstrueux des régimes totalitaires s’infiltre dans les familles. Comment les enfants de bourreaux peuvent-ils assumer leur héritage ? Peut-on « honorer » son père et sa mère sans prendre sur soi leurs crimes ? |
| 520 ## - SUMMARY, ETC. | |
| Summary, etc. | The torturers’ children are also victims The secrets around the awful acting of totalitarian regimes infiltrate families. How can torturers’children assume their heritage ? Can one honor one’s father and mother without taking responsibility for their crimes ? |
| 690 ## - LOCAL SUBJECT ADDED ENTRY--TOPICAL TERM (OCLC, RLIN) | |
| Topical term or geographic name as entry element | Bourreaux |
| 690 ## - LOCAL SUBJECT ADDED ENTRY--TOPICAL TERM (OCLC, RLIN) | |
| Topical term or geographic name as entry element | Culpabilité |
| 690 ## - LOCAL SUBJECT ADDED ENTRY--TOPICAL TERM (OCLC, RLIN) | |
| Topical term or geographic name as entry element | Shoah |
| 690 ## - LOCAL SUBJECT ADDED ENTRY--TOPICAL TERM (OCLC, RLIN) | |
| Topical term or geographic name as entry element | Victimes |
| 690 ## - LOCAL SUBJECT ADDED ENTRY--TOPICAL TERM (OCLC, RLIN) | |
| Topical term or geographic name as entry element | Culpability |
| 690 ## - LOCAL SUBJECT ADDED ENTRY--TOPICAL TERM (OCLC, RLIN) | |
| Topical term or geographic name as entry element | Shoah (Jews genocide) |
| 690 ## - LOCAL SUBJECT ADDED ENTRY--TOPICAL TERM (OCLC, RLIN) | |
| Topical term or geographic name as entry element | Torturers |
| 690 ## - LOCAL SUBJECT ADDED ENTRY--TOPICAL TERM (OCLC, RLIN) | |
| Topical term or geographic name as entry element | Victims |
| 786 0# - DATA SOURCE ENTRY | |
| Note | Imaginaire & Inconscient | 15 | 1 | 2005-03-01 | p. 201-208 | 1628-9676 |
| 856 41 - ELECTRONIC LOCATION AND ACCESS | |
| Uniform Resource Identifier | <a href="https://shs.cairn.info/revue-imaginaire-et-inconscient-2005-1-page-201?lang=fr&redirect-ssocas=7080">https://shs.cairn.info/revue-imaginaire-et-inconscient-2005-1-page-201?lang=fr&redirect-ssocas=7080</a> |
Pas d'exemplaire disponible.




Réseaux sociaux